| 000 | 00580nam a2200181Ia 4500 | ||
|---|---|---|---|
| 003 | LK-CoDNM | ||
| 008 | 010623t xxu||||| |||| 00| 1 sin d | ||
| 040 |
_aLK-CoDNM _dLK-CoDNM _eLK-CoDNM |
||
| 041 | _asin | ||
| 080 | _a294.3 JAY | ||
| 100 | _aJayakody,Damayanthi. | ||
| 245 | _aබුදු දහමයි මහ මුහුදයි කැළනි තිස්ස රජ්ජුරුවොයි | ||
| 246 | _aBudu Dahamai Maha Muhudai Kelanitissa Rajjuruvoi | ||
| 260 |
_bDayawansa Jayakody _aMaradana |
||
| 300 | _b68p,Pl., 21 cm | ||
| 650 | _aBuddhism | ||
| 942 | _cBK | ||
| 999 |
_c139690 _d139690 |
||